[Event "HUN-chT2 Maroczy 0203"]
[Site "Hungary"]
[Date "2003.04.13"]
[Round "11.9"]
[White "Imecs, Laszlo"]
[Black "Szalai, Kornel"]
[Result "1/2-1/2"]
[WhiteElo "2177"]
[BlackElo "2185"]
[PlyCount "106"]
[EventDate "2002.09.22"]
[EventType "team-tourn"]
[EventRounds "11"]
[EventCountry "HUN"]
[SourceTitle "EXT 2004"]
[Source "ChessBase"]
[SourceDate "2003.11.25"]
[SourceVersion "1"]
[SourceVersionDate "2003.11.25"]
[SourceQuality "1"]
[WhiteTeam "Dunaharaszti"]
[BlackTeam "Mako"]
[WhiteTeamCountry "HUN"]
[BlackTeamCountry "HUN"]

1. Nf3 Nf6 2. d3 c5 3. e4 Nc6 4. c3 d6 5. Be2 g6 6. 0-0 Bg7 7. Re1 0-0 8. Nbd2 Rb8 9. d4 cxd4 10. cxd4 d5 11. e5 Ne4 12. Bd3 Nxd2 13. Bxd2 Bg4 14. Bc3 Qb6 15. Be2 Rbc8 16. h3 Bxf3 17. Bxf3 e6 18. Qd2 Rfe8 19. Rad1 Bf8 20. a3 Qd8 21. g3 a6 22. h4 h5 23. Kg2 Kh7 24. Rh1 Bh6 25. Qd3 Kh8 26. Bd2 Bxd2 27. Qxd2 Kg7 28. g4 hxg4 29. Bxg4 Rh8 30. h5 gxh5 31. Bxh5 Qe7 32. Qf4 Rcg8 33. Rd3 Kf8+ 34. Rg3 Nd8 35. Rhh3 Ke8 36. Rxg8+ Rxg8+ 37. Rg3 Rh8 38. Rh3 Kd7 39. Bg4 Rxh3 40. Kxh3 Ke8 41. Bh5 Qc7 42. Kh4 Qc2 43. b4 Qh7 44. f3 Nc6 45. Kg5 Ne7 46. Qf6 Kf8 47. Bg4 Ng8 48. Qd8+ Kg7 49. Bh5 Qh6+ 50. Kg4 Qe3 51. Kh3 Qf4 52. Kg2 Nh6 53. Qe7 Qd2+ 1/2-1/2

[Event "HUN-chT2 Maroczy 0203"]
[Site "Hungary"]
[Date "2003.04.06"]
[Round "10.9"]
[White "Kovacs, Laszlo"]
[Black "Imecs, Laszlo"]
[Result "0-1"]
[WhiteElo "2089"]
[BlackElo "2177"]
[PlyCount "70"]
[EventDate "2002.09.22"]
[EventType "team-tourn"]
[EventRounds "11"]
[EventCountry "HUN"]
[SourceTitle "EXT 2004"]
[Source "ChessBase"]
[SourceDate "2003.11.25"]
[SourceVersion "1"]
[SourceVersionDate "2003.11.25"]
[SourceQuality "1"]
[WhiteTeam "BIOGAL SE"]
[BlackTeam "Dunaharaszti"]
[WhiteTeamCountry "HUN"]
[BlackTeamCountry "HUN"]

1. c4 d6 2. Nc3 Nf6 3. g3 e5 4. Bg2 c6 5. d3 Be7 6. Nf3 0-0 7. 0-0 Re8 8. Rb1 Bf8 9. Nd2 a5 10. a3 d5 11. b4 axb4 12. axb4 d4 13. Nce4 Nfd7 14. Nf3 f5 15. Ned2 Nf6 16. Qb3 h6 17. b5 c5 18. Bb2 e4 19. Nh4 g5 20. Ng6 Bd6 21. f4 exf3 22. Nxf3 Kg7 23. e3 Kxg6 24. exd4 Nbd7 25. Rbe1 cxd4 26. Bxd4 Ra3 27. Qc2 Bb4 28. Rxe8 Qxe8 29. h4 Qe7 30. hxg5 hxg5 31. Qc1 Ng4 32. Qb2 Rxd3 33. Nh4+ gxh4 34. Bh8 Bc5+ 35. Kh1 hxg3 0-1